[Event "Rouen op 9th"]
[Site "Rouen"]
[Date "2016.12.19"]
[Round "5"]
[White "Nguyen, Tristan"]
[Black "Garcia, Mael"]
[Result "1-0"]
[WhiteElo "1199"]
[BlackElo "1182"]
[PlyCount "68"]
[EventDate "2016.12.17"]
[EventType "swiss"]
[EventRounds "7"]
[EventCountry "FRA"]
[SourceTitle "CBM 176 Extra"]
[Source "ChessBase"]
[SourceDate "2017.03.02"]
[SourceVersion "1"]
[SourceVersionDate "2017.03.02"]
[SourceQuality "1"]

1. e4 c5 2. Nf3 d6 3. d4 cxd4 4. Nxd4 Nf6 5. Nc3 g6 6. f4 Nc6 7. Nf3 Bg4 8. Bc4 Bg7 9. h3 Bxf3 10. Qxf3 0-0 11. Be3 Nb4 12. Bb3 a6 13. 0-0 Qd7 14. f5 Rad8 15. fxg6 hxg6 16. Qg3 d5 17. Rad1 Qc6 18. e5 Nh5 19. Qg5 Qe6 20. Bc5 Nc6 21. Bxd5 Qxe5 22. Qxe5 Bxe5 23. Bxc6 Rxd1 24. Rxd1 bxc6 25. Bxe7 Rb8 26. Ba3 Bf4 27. Kf2 Bg3+ 28. Kf3 f5 29. Rd7 f4 30. Re7 Bh4 31. Re6 Rd8 32. Rxg6+ Kf7 33. Rh6 Rd5 34. Nxd5 cxd5 1-0